[Event "Titled Tuesday intern op 23rd Mar"]
[Site "Chess.com INT"]
[Date "2021.03.23"]
[Round "8"]
[White "Makhnev, Vladimir"]
[Black "Bures, Vit"]
[Result "0-1"]
[WhiteElo "2173"]
[BlackElo "2119"]
[PlyCount "76"]
[EventDate "2021.03.23"]
[EventType "swiss (blitz)"]
[EventRounds "11"]
[EventCountry "USA"]
[SourceTitle "CBM 201 Extra"]
[Source "ChessBase"]
[SourceDate "2021.05.31"]
[SourceVersion "1"]
[SourceVersionDate "2021.05.31"]
[SourceQuality "1"]

1. e4 e5 2. Nf3 Nc6 3. Bb5 a6 4. Ba4 Nf6 5. 0-0 Be7 6. Re1 b5 7. Bb3 0-0 8. c3 d5 9. h3 dxe4 10. Ng5 Bf5 11. Bc2 Qd5 12. f3 Bc5+ 13. Kh2 exf3 14. Bxf5 e4 15. Bxe4 Qxg5 16. Qxf3 Ne5 17. Qf5 Qh4 18. g3 Qh5 19. Qxh5 Nxh5 20. d4 Rae8 21. dxc5 Nf3+ 22. Bxf3 Rxe1 23. Bxh5 Rxc1 24. Be2 Re8 25. Bd3 Ree1 26. a4 b4 27. a5 Red1 28. Be4 Re1 29. Bf3 g6 30. cxb4 Rxb1 31. Ra4 Rxb2+ 32. Bg2 Ree2 33. h4 Rxg2+ 34. Kh3 Rgc2 35. Kg4 Rc4+ 36. Kf3 Rcxb4 37. Ra1 Rb1 38. Ra2 R1b3+ 0-1

[Event "Titled Tuesday intern op 12th Jan"]
[Site "Chess.com INT"]
[Date "2021.01.12"]
[Round "8"]
[White "Tharushi, THD Niklesha"]
[Black "Makhnev, Vladimir"]
[Result "1-0"]
[WhiteElo "1712"]
[BlackElo "2173"]
[PlyCount "95"]
[EventDate "2021.01.12"]
[EventType "swiss (blitz)"]
[EventRounds "11"]
[EventCountry "USA"]
[SourceTitle "CBM 200 Extra"]
[Source "ChessBase"]
[SourceDate "2021.03.31"]
[SourceVersion "1"]
[SourceVersionDate "2021.03.31"]
[SourceQuality "1"]

1. e4 g6 2. d4 Bg7 3. Nc3 d6 4. Be3 c6 5. f3 b5 6. Qd2 Qa5 7. h4 h5 8. Nh3 Nd7 9. Nf2 Rb8 10. Ne2 Qxd2+ 11. Bxd2 c5 12. c3 b4 13. 0-0-0 bxc3 14. Bxc3 Ba6 15. dxc5 Bxc3 16. Nxc3 Nxc5 17. Bxa6 Nxa6 18. Nd3 Nf6 19. Nf4 0-0 20. Nfd5 Nxd5 21. Nxd5 Rb7 22. Nc3 Rc8 23. Rd2 Nb4 24. Kb1 Kg7 25. Rc1 Rcb8 26. a3 Na6 27. Rcc2 Nc5 28. e5 dxe5 29. Rd5 Ne6 30. Rxe5 Rd8 31. Ne4 Nd4 32. Nc5 Rc7 33. Rc4 Kf6 34. Re3 e5 35. Ne4+ Kf5 36. Rxc7 f6 37. Rf7 Kf4 38. Re1 f5 39. Ng5 Kg3 40. Rxe5 Kxh4 41. Ne6 Re8 42. Rf6 Nc6 43. Rc5 Ne7 44. Ng7 Kg3 45. Nxe8 Kxg2 46. Re6 h4 47. Rxe7 h3 48. Rh7 1-0

[Event "Titled Tuesday intern op 03rd Nov"]
[Site "Chess.com INT"]
[Date "2020.11.03"]
[Round "9"]
[White "Hartikainen, Jarmo"]
[Black "Makhnev, Vladimir"]
[Result "0-1"]
[WhiteElo "2142"]
[BlackElo "2173"]
[PlyCount "138"]
[EventDate "2020.11.03"]
[EventType "swiss (blitz)"]
[EventRounds "11"]
[EventCountry "USA"]
[SourceTitle "CBM 199 Extra"]
[Source "ChessBase"]
[SourceDate "2021.01.31"]
[SourceVersion "1"]
[SourceVersionDate "2021.01.31"]
[SourceQuality "1"]

1. e4 e5 2. Nf3 Nc6 3. d4 exd4 4. Nxd4 Nxd4 5. Qxd4 Qf6 6. e5 Qb6 7. Qxb6 axb6 8. Nc3 Ra5 9. f4 d6 10. exd6 Bxd6 11. Bd3 Nf6 12. 0-0 0-0 13. Bd2 Ra8 14. a3 Bd7 15. Ne4 Nxe4 16. Bxe4 Bc6 17. Bxc6 bxc6 18. Rae1 f6 19. g3 Kf7 20. Re2 Rfe8 21. Rfe1 Rxe2 22. Rxe2 h5 23. Kg2 b5 24. Kf3 Ra4 25. Re4 Rxe4 26. Kxe4 Ke6 27. f5+ Kd7 28. b4 Be5 29. c3 h4 30. Be1 h3 31. Kf3 Kd6 32. Kg4 Kd5 33. Kxh3 Kc4 34. Kg4 Bxc3 35. Bxc3 Kxc3 36. Kh5 Kb3 37. Kg6 Kxa3 38. Kxg7 c5 39. g4 c4 40. g5 fxg5 41. f6 c3 42. f7 c2 43. f8Q c1Q 44. Qe7 Qf4 45. Kg6 Qd6+ 46. Qxd6 cxd6 47. Kxg5 d5 48. h4 d4 49. Kf4 Kb3 50. h5 d3 51. h6 d2 52. h7 d1Q 53. h8Q Qc1+ 54. Ke4 Qc4+ 55. Kf5 Kxb4 56. Qb8 Kb3 57. Qg3+ Qc3 58. Qg8+ Kb2 59. Kf4 b4 60. Qg2+ Qc2 61. Qg7+ Kb1 62. Qb7 b3 63. Ke5 b2 64. Qh1+ Qc1 65. Qe4+ Qc2 66. Qh1+ Ka2 67. Qa8+ Kb3 68. Qb7+ Kc3 69. Qc6+ Kd2 0-1

[Event "Titled Tuesday intern op 03rd Nov"]
[Site "Chess.com INT"]
[Date "2020.11.03"]
[Round "11"]
[White "Khalafova, Narmin Ilgar Qizi"]
[Black "Makhnev, Vladimir"]
[Result "1-0"]
[WhiteElo "2279"]
[BlackElo "2173"]
[PlyCount "51"]
[EventDate "2020.11.03"]
[EventType "swiss (blitz)"]
[EventRounds "11"]
[EventCountry "USA"]
[SourceTitle "CBM 199 Extra"]
[Source "ChessBase"]
[SourceDate "2021.01.31"]
[SourceVersion "1"]
[SourceVersionDate "2021.01.31"]
[SourceQuality "1"]

1. e4 e5 2. Nf3 Nc6 3. Bb5 a6 4. Ba4 Nf6 5. 0-0 b5 6. Bb3 Be7 7. d3 d6 8. h3 0-0 9. a4 Rb8 10. Nc3 h6 11. Re1 b4 12. Nd5 Na5 13. Ba2 c6 14. Nxe7+ Qxe7 15. d4 Be6 16. Bb1 b3 17. c3 Bc4 18. Nh4 Kh7 19. Nf5 Qd7 20. Qf3 Ng8 21. dxe5 dxe5 22. Qg3 g6 23. Qxe5 gxf5 24. Qxa5 fxe4 25. Rxe4 Bd3 26. Rd4 1-0

[Event "Titled Tuesday intern op 03rd Nov"]
[Site "Chess.com INT"]
[Date "2020.11.03"]
[Round "7"]
[White "Necula, Iulian"]
[Black "Makhnev, Vladimir"]
[Result "1-0"]
[WhiteElo "1890"]
[BlackElo "2173"]
[PlyCount "75"]
[EventDate "2020.11.03"]
[EventType "swiss (blitz)"]
[EventRounds "11"]
[EventCountry "USA"]
[SourceTitle "CBM 199 Extra"]
[Source "ChessBase"]
[SourceDate "2021.01.31"]
[SourceVersion "1"]
[SourceVersionDate "2021.01.31"]
[SourceQuality "1"]

1. f4 g6 2. Nf3 Bg7 3. g3 d6 4. Bg2 Nd7 5. 0-0 c6 6. d3 e5 7. c3 f5 8. e4 Ngf6 9. exf5 gxf5 10. fxe5 dxe5 11. Nh4 Qb6+ 12. d4 exd4 13. Qe1+ Kd8 14. Nxf5 Bf8 15. Nxd4 Bc5 16. Be3 Re8 17. b4 Bxd4 18. Bxd4 Rxe1 19. Bxb6+ axb6 20. Rxe1 Nf8 21. a4 Be6 22. Nd2 Kd7 23. Nf3 Ng6 24. Nd4 Bg8 25. h4 Nh5 26. Kh2 Bc4 27. a5 Rf8 28. axb6 Rf2 29. Ra7 Bd5 30. Rxb7+ Kd6 31. Rg1 c5 32. bxc5+ Kxc5 33. Rxh7 Nhf4 34. gxf4 Nxf4 35. Rg7 Kxb6 36. Kg3 Rxg2+ 37. Rxg2 Nxg2 38. h5 1-0

[Event "Titled Tuesday intern op 25th Aug"]
[Site "Chess.com INT"]
[Date "2020.08.25"]
[Round "10"]
[White "Makhnev, Vladimir"]
[Black "Swicarz, Maciej"]
[Result "0-1"]
[WhiteElo "2173"]
[BlackElo "2325"]
[PlyCount "108"]
[EventDate "2020.08.25"]
[EventType "swiss (blitz)"]
[EventRounds "10"]
[EventCountry "USA"]
[SourceTitle "CBM 198 Extra"]
[Source "ChessBase"]
[SourceDate "2020.11.30"]
[SourceVersion "1"]
[SourceVersionDate "2020.11.30"]
[SourceQuality "1"]

1. e4 c6 2. d4 d5 3. exd5 cxd5 4. Bd3 Nc6 5. c3 Nf6 6. Ne2 Bg4 7. 0-0 e6 8. f3 Bh5 9. Qe1 Bd6 10. Qh4 Ne7 11. Bg5 Bg6 12. Bb5+ Nc6 13. Nd2 a6 14. Ba4 h6 15. Bxf6 Qxf6 16. Qxf6 gxf6 17. Rae1 Bd3 18. Rf2 h5 19. f4 0-0-0 20. Nc1 Bf5 21. Bd1 Rdg8 22. Kh1 h4 23. Be2 Rg7 24. Bd3 Bxd3 25. Nxd3 f5 26. Rg1 Rhg8 27. Nf3 Rg4 28. h3 Rg3 29. Nde1 Be7 30. Kh2 Bf6 31. Ne5 Nxe5 32. dxe5 Be7 33. Rf3 Kd7 34. Rgf1 R3g6 35. Rd3 Rc8 36. Rf2 Rc4 37. Rd4 b5 38. Nf3 Rg8 39. Rc2 Rc7 40. Rdd2 Rh8 41. Nd4 Bc5 42. Nf3 Be3 43. Rd3 Bxf4+ 44. Kg1 Bg3 45. b3 Rhc8 46. Kf1 Ke7 47. Ke2 b4 48. Kd2 Bf4+ 49. Ke2 Rxc3 50. Rdxc3 bxc3 51. Kd3 d4 52. Nxd4 Bxe5 53. Nf3 Bf6 54. Nd4 Rd8 0-1

[Event "Titled Tuesday intern op 4th Aug 10am"]
[Site "Chess.com INT"]
[Date "2020.08.04"]
[Round "3"]
[White "Donskov, Anatoly"]
[Black "Makhnev, Vladimir"]
[Result "1-0"]
[WhiteElo "2286"]
[BlackElo "2173"]
[PlyCount "87"]
[EventDate "2020.08.04"]
[EventType "swiss (blitz)"]
[EventRounds "10"]
[EventCountry "USA"]
[SourceTitle "CBM 197 Extra"]
[Source "ChessBase"]
[SourceDate "2020.09.30"]
[SourceVersion "1"]
[SourceVersionDate "2020.09.30"]
[SourceQuality "1"]

1. e4 e5 2. Nf3 Nc6 3. Nc3 Nf6 4. d4 exd4 5. Nxd4 Nxd4 6. Qxd4 d6 7. Bf4 Be7 8. 0-0-0 0-0 9. f3 Nd7 10. g4 Bf6 11. Qd2 Ne5 12. Be2 Be6 13. g5 Be7 14. h4 f5 15. gxf6 Bxf6 16. Bg5 Bc4 17. f4 Bxe2 18. Qxe2 Bxg5 19. hxg5 Rxf4 20. Qh5 Kf8 21. Nd5 Rf3 22. Qxh7 Qxg5+ 23. Kb1 Kf7 24. Nxc7 Rf8 25. Rxd6 Qe7 26. Rg1 Rg8 27. Ne6 Qxd6 28. Nxg7 Kf8 29. Qxg8+ Kxg8 30. Nf5+ Kf8 31. Nxd6 Ke7 32. Nf5+ Kd7 33. Rd1+ Kc7 34. Ne7 Nc4 35. Nd5+ Kc6 36. b3 Na3+ 37. Kb2 Nb5 38. a4 Nd6 39. e5 Nf5 40. e6 Rf2 41. Nc3 Re2 42. Nxe2 Ne7 43. Nd4+ Kd6 44. Nb5+ 1-0

[Event "Titled Tuesday intern op 21st July"]
[Site "Chess.com INT"]
[Date "2020.07.21"]
[Round "6"]
[White "Makhnev, Vladimir"]
[Black "Szustakowski, Antoni"]
[Result "0-1"]
[WhiteElo "2173"]
[BlackElo "2295"]
[PlyCount "74"]
[EventDate "2020.07.21"]
[EventType "swiss (blitz)"]
[EventRounds "10"]
[EventCountry "USA"]
[SourceTitle "CBM 197 Extra"]
[Source "ChessBase"]
[SourceDate "2020.09.30"]
[SourceVersion "1"]
[SourceVersionDate "2020.09.30"]
[SourceQuality "1"]

1. e4 c5 2. c4 Nc6 3. Nc3 g6 4. d3 Bg7 5. Nge2 e6 6. g3 Nge7 7. h4 h5 8. Bg5 d6 9. Bg2 Nd4 10. Nxd4 cxd4 11. Ne2 Qb6 12. Rb1 Nc6 13. a3 0-0 14. b4 a5 15. b5 Ne5 16. 0-0 Kh7 17. a4 Qc5 18. Qd2 Ng4 19. Qc2 b6 20. Bc1 Bb7 21. Rb3 Rfc8 22. Bb2 e5 23. Ba3 Qc7 24. Bh3 Rf8 25. Rbb1 f5 26. Bg2 f4 27. gxf4 exf4 28. Bh3 Qe7 29. Bxg4 hxg4 30. Bc1 Be5 31. f3 Qxh4 32. Kg2 gxf3+ 33. Kxf3 Bc8 34. Rg1 Qh3+ 35. Kf2 f3 36. Ng3 Qh2+ 37. Kf1 Qxc2 0-1

[Event "Kimry-ch op"]
[Site "Kimry"]
[Date "2017.01.03"]
[Round "3"]
[White "Makhnev, Vladimir"]
[Black "Zorina, Elizaveta1111"]
[Result "1-0"]
[WhiteElo "2192"]
[BlackElo "1887"]
[PlyCount "93"]
[EventDate "2017.01.02"]
[EventType "swiss"]
[EventRounds "9"]
[EventCountry "RUS"]
[SourceTitle "EXT 2018"]
[Source "ChessBase"]
[SourceDate "2017.10.13"]
[SourceVersion "1"]
[SourceVersionDate "2017.10.13"]
[SourceQuality "1"]

1. e4 c5 2. c4 d6 3. Nc3 Nf6 4. Nf3 e6 5. Be2 Nc6 6. d4 cxd4 7. Nxd4 Be7 8. 0-0 0-0 9. Nc2 a6 10. Be3 Qc7 11. Rc1 Ne5 12. Nd4 Bd7 13. f4 Ng6 14. Qd3 Rac8 15. g3 Qb8 16. Rfd1 Rfd8 17. Nf3 Bc6 18. Bb6 Re8 19. b4 Nd7 20. Bf2 b6 21. Qe3 Red8 22. a3 Qa8 23. Re1 Rb8 24. Bd1 Nf6 25. h3 d5 26. e5 dxc4 27. exf6 Rd3 28. fxe7 Rxe3 29. Rxe3 Nxe7 30. Nd4 Bh1 31. Nf3 Bxf3 32. Bxf3 Qa7 33. Rd1 Qc7 34. Re2 Rd8 35. Red2 Rxd2 36. Rxd2 h6 37. Kg2 Nc8 38. Bd4 f6 39. Be3 Nd6 40. Na4 Nc8 41. Bf2 f5 42. Bd4 Qd7 43. Nc3 b5 44. Nb1 Qe7 45. Be5 Nb6 46. Nc3 Kh7 47. Rd6 1-0

[Event "Gelendzhik op"]
[Site "Gelendzhik"]
[Date "2015.01.05"]
[Round "2"]
[White "Makhnev, Vladimir"]
[Black "Rolgeizer, Genrikh"]
[Result "1/2-1/2"]
[WhiteElo "2196"]
[BlackElo "1786"]
[PlyCount "150"]
[EventDate "2015.01.04"]
[EventType "swiss"]
[EventRounds "9"]
[EventCountry "RUS"]
[SourceTitle "CBM 164 Extra"]
[Source "ChessBase"]
[SourceDate "2015.03.02"]
[SourceVersion "1"]
[SourceVersionDate "2015.03.02"]
[SourceQuality "1"]

1. Nh3 Nf6 2. g3 g6 3. Bg2 Bg7 4. c3 d6 5. d3 Nbd7 6. Nd2 0-0 7. 0-0 e5 8. a4 Kh8 9. a5 a6 10. e4 Ng8 11. f4 f5 12. exf5 gxf5 13. Nc4 Qe8 14. Re1 Qg6 15. Ng5 Nh6 16. Nf3 exf4 17. Bxf4 Ng4 18. Nh4 Qf7 19. h3 Nge5 20. Ne3 Nb8 21. Nd5 Be6 22. Ne3 Nbc6 23. d4 Bb3 24. Qe2 Bc4 25. Nxc4 Nxc4 26. Bxc6 bxc6 27. b3 Nxa5 28. Rxa5 Qxb3 29. Nxf5 Qxc3 30. Bd2 Bxd4+ 31. Nxd4 Qxd4+ 32. Qe3 Qxe3+ 33. Rxe3 Rf7 34. Rg5 h6 35. Rg6 Raf8 36. Be1 Kh7 37. Rg4 c5 38. h4 d5 39. Kg2 d4 40. Re5 Rf5 41. Rge4 Kg7 42. g4 Rxe5 43. Rxe5 c4 44. Rc5 c3 45. Rxc7+ Kf6 46. Rc5 Re8 47. Bxc3 dxc3 48. Kf3 Ra8 49. Ke4 a5 50. Rc6+ Kf7 51. Kf5 a4 52. Rc7+ Kg8 53. Rxc3 a3 54. Rc1 a2 55. Ra1 Kf7 56. g5 h5 57. Ke5 Kg6 58. Kf4 Ra5 59. Kg3 Ra4 60. Kf3 Kf5 61. Kg3 Ra3+ 62. Kg2 Kg4 63. g6 Kxh4 64. g7 Rg3+ 65. Kh2 Rxg7 66. Rxa2 Rg4 67. Rb2 Rc4 68. Ra2 Kg4 69. Rg2+ Kf3 70. Rb2 Rh4+ 71. Kg1 Rg4+ 72. Kh2 Re4 73. Ra2 Re5 74. Rb2 h4 75. Kh3 Re2 1/2-1/2

[Event "Kimry Summer op 62nd"]
[Site "Kimry"]
[Date "2012.04.17"]
[Round "7"]
[White "Geshko, Aleksey"]
[Black "Makhnev, Vladimir"]
[Result "0-1"]
[WhiteElo "1865"]
[BlackElo "2211"]
[PlyCount "120"]
[EventDate "2012.04.14"]
[EventType "swiss"]
[EventRounds "8"]
[EventCountry "RUS"]
[SourceTitle "EXT 2014"]
[Source "ChessBase"]
[SourceDate "2013.11.20"]
[SourceVersion "1"]
[SourceVersionDate "2013.11.20"]
[SourceQuality "1"]

1. e4 g6 2. d4 c6 3. Nc3 Bg7 4. Be3 d5 5. e5 h5 6. h4 Nh6 7. Be2 Nf5 8. Qd2 Nxe3 9. fxe3 Bf5 10. Nf3 Nd7 11. 0-0 e6 12. Bd3 Bg4 13. Qf2 Bxf3 14. Qxf3 Qe7 15. Qg3 0-0-0 16. a3 Rdf8 17. b4 Rhg8 18. Qg5 f6 19. Qxg6 fxe5 20. Rxf8+ Nxf8 21. Qg3 exd4 22. Ne2 dxe3 23. Rf1 Nd7 24. Qxe3 Be5 25. Qh3 Rg4 26. g3 c5 27. Nf4 cxb4 28. axb4 Bxf4 29. Rxf4 Ne5 30. b5 Qc5+ 31. Kf1 Nxd3 32. cxd3 Qc1+ 33. Ke2 Qc2+ 34. Ke3 d4+ 35. Kxd4 Qf2+ 36. Ke5 Qe3+ 37. Re4 Qc5+ 38. Kxe6 Qb6+ 39. Kf7 Qg6+ 40. Ke7 Qg7+ 41. Ke8 Qd7+ 42. Kf8 Rg8+ 43. Kxg8 Qxh3 44. Re3 Qf5 45. Re8+ Kc7 46. b6+ Kxb6 47. Rf8 Qg6+ 48. Kh8 Qxg3 49. Rf6+ Ka5 50. Rf5+ b5 51. Rxh5 Ka4 52. Rh7 a5 53. h5 Qxd3 54. h6 Qg6 55. Rg7 Qxh6+ 56. Kg8 Qxg7+ 57. Kxg7 b4 58. Kf6 b3 59. Ke5 b2 60. Kd4 b1Q 0-1

[Event "Kimry Summer op 62nd"]
[Site "Kimry"]
[Date "2012.04.14"]
[Round "1"]
[White "Rossiyski, Dmitry"]
[Black "Makhnev, Vladimir"]
[Result "0-1"]
[WhiteElo "1418"]
[BlackElo "2211"]
[PlyCount "42"]
[EventDate "2012.04.14"]
[EventType "swiss"]
[EventRounds "8"]
[EventCountry "RUS"]
[SourceTitle "EXT 2014"]
[Source "ChessBase"]
[SourceDate "2013.11.20"]
[SourceVersion "1"]
[SourceVersionDate "2013.11.20"]
[SourceQuality "1"]

1. d4 d5 2. c4 e6 3. Nc3 c5 4. e3 Nf6 5. Nf3 Nbd7 6. Bd3 dxc4 7. Bxc4 a6 8. b3 b5 9. Bd3 Bb7 10. Bb1 cxd4 11. exd4 Bb4 12. Bb2 Rc8 13. Qc1 Nd5 14. Be4 Nxc3 15. Bxb7 Nd5+ 16. Ke2 Rxc1 17. Raxc1 0-0 18. Rhd1 Nb8 19. Rc2 Qe7 20. Rc8 Qxb7 21. Rxf8+ Kxf8 0-1

[Event "Kimry Winter op"]
[Site "Kimry"]
[Date "2012.01.29"]
[Round "5"]
[White "Vetokhin, Ilia"]
[Black "Makhnev, Vladimir"]
[Result "0-1"]
[WhiteElo "1588"]
[BlackElo "2238"]
[PlyCount "44"]
[EventDate "2012.01.27"]
[EventType "swiss"]
[EventRounds "8"]
[EventCountry "RUS"]
[SourceTitle "CBM 146 Extra"]
[Source "ChessBase"]
[SourceDate "2012.02.29"]
[SourceVersion "1"]
[SourceVersionDate "2012.02.29"]
[SourceQuality "1"]

1. e4 c5 2. Nf3 e6 3. d4 cxd4 4. Nxd4 a6 5. Nc3 Qc7 6. Nf3 Nc6 7. Bd3 Bc5 8. 0-0 Nge7 9. Re1 Ba7 10. Be3 Bb8 11. g3 Ng6 12. Bf1 h5 13. Bg5 h4 14. Nxh4 Nxh4 15. Bxh4 Rxh4 16. f4 Rh6 17. Bg2 Qb6+ 18. Kh1 Qf2 19. Qe2 Qxg3 20. Bf1 Bxf4 21. h3 Rg6 22. Bg2 Qh2# 0-1